Cinéma par lettre - L - Statistiques

Statistiques générales
  • Ce quiz a été pris 213 fois
  • Le résultat moyen est 13 sur 20
Statistiques - réponses
Questions Réponses % Correct
Quel film d'animation a pour personnages "Simba" et "Scar" ? Le Roi Lion
99%
Quel film de Spielberg voit un requin attaquer les côtes américaines, semant la terreur pour les touristes ? Les Dents de la mer
92%
Quel film raconte l'histoire d'enfants envoyés dans une école, où ils ont la chance de pouvoir chanter au sein d'une chorale organisé par Monsieur Clément ? Les Choristes
90%
Quelle trilogie met en scène la famille Corleone, mafieuse, confrontée aux autres mafias de New-York ? Le Parrain
87%
Quel film retrace la vie de deux hommes du Moyen-Âge se retrouvant propulsés dans le monde contemporain, devant s'habituer aux us et coutumes de l'époque ? Les Visiteurs
84%
Quel film voit Tom Hanks raconter à une vieille dame son expérience dans un pénitencier américain dans les années 1930 ? La Ligne Verte
81%
Quel film avec De Funès et Jean Carmet voit l'arrivée d'une soucoupe volante dans un petit village d'Auvergne ? La Soupe aux choux
81%
Quelle actrice joue le rôle Katniss dans "Hunger Games" ? Jennifer Lawrence
78%
Quel acteur français joue dans "Les Bronzés" mais aussi dans "Le Dîner de cons" ? Thierry Lhermitte
74%
Quel artiste martial et acteur, mort jeune, joue dans "La Fureur de vaincre" et "Opération Dragon" ? Bruce Lee
73%
Quel film réunissant Bourvil et Louis de Funès se déroule pendant la Seconde Guerre Mondiale, lorsque que De Funès joue un chef d'orchestre orgueilleux ? La Grande Vadrouille
72%
Quel acteur est le membre principal de "La bande à Fifi" ? Philippe Lacheau
72%
Quel film de Roberto Benigni raconte l'histoire de "Guido", un homme juif au sein d'une Italie fasciste le contraignant à être déporté ? La Vie est belle
67%
Quel film retrace la vie d'un dignitaire nazi, héroïque pour ses actions de protection des prisonniers dans les camps ? La Liste de Schindler
55%
Quelle actrice américaine est connue pour ses rôles dans "Desperate Housewives" et "Les Feux de l'amour" ? Eva Longoria
49%
Quel acteur contemporain joue dans "Papa ou Maman" et "Le Comte de Monte-Cristo" ? Laurent Laffite
46%
Quel acteur charismatique joue aux côtés de Benoit Poelvoorde dans "Le Boulet" ainsi que de Tchéky Karyo dans "Les Lyonnais" ? Gérard Lanvin
29%
Quel acteur joue dans "La Loi du marché" et "Jouer avec le feu" ? Vincent Lindon
25%
Quel acteur, au langage soutenu joue dans "Tout ça... pour ça !" et "Gemma Bovary" ? Fabrice Luchini
24%
Quelle chanteuse et actrice joue dans "My Little girl" et "Coup de foudre à Manhattan" ? Jenifer Lopez
17%
Aucun quiz correspondant
Distribution des résultats
% des personnes avec chaque résultat
Percentile par nombre de réponses
Votre historique - résultats
Vous n’avez pas pris ce quiz